Hong Kong 1985 (Record no. 515198)

000 -LEADER
fixed length control field 00246nam a22000977a 4500
082 ## - DEWEY DECIMAL CLASSIFICATION NUMBER
Classification number TNC A6x5125 K743
100 ## - MAIN ENTRY--PERSONAL NAME
Personal name Knight, Bill
9 (RLIN) 20413
245 ## - TITLE STATEMENT
Title Hong Kong 1985
Statement of responsibility, etc Bill,Knight
260 ## - PUBLICATION, DISTRIBUTION, ETC. (IMPRINT)
Place of publication, distribution, etc Hong Kong
Name of publisher, distributor, etc Hong Kong Government
Date of publication, distribution, etc 1985
300 ## - PHYSICAL DESCRIPTION
Extent 358p.
Holdings
Withdrawn status Lost status Source of classification or shelving scheme Damaged status Koha normalized classification for sorting Not for loan Permanent location Current location Date acquired Full call number Barcode Date last seen Price effective from Koha item type
        TNC_A6X5125_K743   Indian Institute of Public Administration Indian Institute of Public Administration 2021-01-15 TNC A6x5125 K743 GR22386 2021-01-15 2021-01-15 Book

Powered by Koha